Design of equilibrium stage processes (Record no. 13251)

000 -LEADER
fixed length control field 00589nam a22002171 4500
001 - CONTROL NUMBER
control field 13251
003 - CONTROL NUMBER IDENTIFIER
control field BD-DhUET
008 - FIXED-LENGTH DATA ELEMENTS--GENERAL INFORMATION
fixed length control field 740517s1963 nyua b 000 0 eng
020 ## - INTERNATIONAL STANDARD BOOK NUMBER
International Standard Book Number 070586373
040 ## - CATALOGING SOURCE
Original cataloging agency DLC
Transcribing agency OAkU
Modifying agency BD-DhUET
082 ## - DEWEY DECIMAL CLASSIFICATION NUMBER
Classification number 660.28422
Item number SMI/1963
100 1# - MAIN ENTRY--PERSONAL NAME
Personal name Smith, Buford D.
245 10 - TITLE STATEMENT
Title Design of equilibrium stage processes
250 ## - EDITION STATEMENT
Edition statement 1st ed.
260 ## - PUBLICATION, DISTRIBUTION, ETC. (IMPRINT)
Place of publication, distribution, etc. New York
Name of publisher, distributor, etc. McGraw-Hill
Date of publication, distribution, etc. 1963
300 ## - PHYSICAL DESCRIPTION
Extent 647 p.
Other physical details ill.
Dimensions 24 cm.
490 ## - SERIES STATEMENT
Series statement McGraw-Hill chemical engineering series
504 ## - BIBLIOGRAPHY, ETC. NOTE
Bibliography, etc Includes bibliographies
650 #0 - SUBJECT ADDED ENTRY--TOPICAL TERM
Topical term or geographic name as entry element Chemical equilibrium
942 ## - ADDED ENTRY ELEMENTS (KOHA)
Koha item type General Book
Holdings
Koha date last seen Price effective from Damaged status Location (home branch) Sublocation or collection (holding branch) Koha normalized classification for sorting Koha item type Source of classification or shelving scheme Not for loan Koha full call number Shelving location Lost status Piece designation (barcode) Withdrawn status Copy number Date acquired
2015-03-022015-03-02 Central Library, BUETCentral Library, BUET660_284220000000000_SMI_1963General Book  660.28422/SMI/1963Circulation section 34954 12015-03-02
2015-03-032015-03-03 Central Library, BUETCentral Library, BUET660_284220000000000_SMI_1963General Book  660.28422/SMI/1963Circulation section 29845 22015-03-03
2015-03-032015-03-03 Central Library, BUETCentral Library, BUET660_284220000000000_SMI_1963General Book  660.28422/SMI/1963Circulation section 29841 32015-03-03
2015-03-032015-03-03 Central Library, BUETCentral Library, BUET660_284220000000000_SMI_1963General Book  660.28422/SMI/1963Circulation section 29847 42015-03-03
2015-03-032015-03-03 Central Library, BUETCentral Library, BUET660_284220000000000_SMI_1963General Book  660.28422/SMI/1963Circulation section 29853 52015-03-03
2015-03-032015-03-03 Central Library, BUETCentral Library, BUET660_284220000000000_SMI_1963General Book  660.28422/SMI/1963Circulation section 29843 62015-03-03
2015-03-032015-03-03 Central Library, BUETCentral Library, BUET660_284220000000000_SMI_1963General Book  660.28422/SMI/1963Circulation section 29844 72015-03-03
2015-03-032015-03-03 Central Library, BUETCentral Library, BUET660_284220000000000_SMI_1963General Book  660.28422/SMI/1963Circulation section 29840 82015-03-03
2015-03-032015-03-03 Central Library, BUETCentral Library, BUET660_284220000000000_SMI_1963General Book  660.28422/SMI/1963Circulation section 34955 92015-03-03
2015-05-112015-05-11 Central Library, BUETCentral Library, BUET660_284220000000000_SMI_1963General Book  660.28422/SMI/1963Circulation section 11477 102015-05-11
2015-05-112015-05-11 Central Library, BUETCentral Library, BUET660_284220000000000_SMI_1963General Book  660.28422/SMI/1963Circulation section 29846 112015-05-11
2015-05-112015-05-11 Central Library, BUETCentral Library, BUET660_284220000000000_SMI_1963General Book  660.28422/SMI/1963Circulation section 34953 122015-05-11
2015-05-112015-05-11 Central Library, BUETCentral Library, BUET660_284220000000000_SMI_1963General Book  660.28422/SMI/1963Circulation section 18836 132015-05-11
2015-05-112015-05-11 Central Library, BUETCentral Library, BUET660_284220000000000_SMI_1963General Book  660.28422/SMI/1963Circulation section 29854 142015-05-11
2015-05-112015-05-11 Central Library, BUETCentral Library, BUET660_284220000000000_SMI_1963General Book  660.28422/SMI/1963Circulation section 29856 152015-05-11
2015-05-192015-05-19 Central Library, BUETCentral Library, BUET660_284220000000000_SMI_1963General Book  660.28422/SMI/1963Circulation section 29848 162015-05-19
2015-06-182015-06-18 Central Library, BUETCentral Library, BUET660_284220000000000_SMI_1963Reading Item  660.28422/SMI/1963Reading section 6449 172015-06-18